Statistiques concernant Pays les plus proches de la Bosnie-Herzégovine

Cliquez ici pour prendre le quiz!

Statistiques générales

  • Ce quiz a été pris 67 fois
  • Le résultat moyen est 17 sur 20

Statistiques - réponses

kmpays% Correct
94Albanie
94%
0Croatie
94%
129Roumanie
94%
0Serbie
94%
45Slovénie
94%
96Kosovo
92%
196Macédoine du Nord
92%
0Monténégro
92%
282Grèce
90%
68Hongrie
90%
153Italie
90%
162Autriche
89%
282Slovaquie
89%
221Bulgarie
85%
438Suisse
82%
331Allemagne
77%
436Ukraine
74%
271Saint-Marin
69%
372Tchéquie
68%
400Vatican
68%

Distribution des résultats

Percentile par nombre de réponses

% des personnes avec chaque résultat

Votre développement - résultats

Vous n’avez pas pris ce quiz